000 00450nam a2200109Ia 4500
008 160909s9999 xx 000 0 und d
100 _aGaillard, Nancy Baugh
245 _aBalancing school safety and K-12 public school students' fourth and fifth amendment rights: Court cases from 2004 to 2015
260 _bThe University of Alabama.
_c2016
650 _aHUMAN RESOURCE MANAGEMENT
856 _uhttp://pqdtopen.proquest.com/doc/1798838933.html?FMT=ABS
999 _c304747
_d304747